| 000 | 00000nam 2200000zi 4500 |
| 001 | 9.938547 |
| 003 | CaOODSP |
| 005 | 20250107145446 |
| 006 | m o d f |
| 007 | cr mn||||||||| |
| 008 | 240523e197912##onc obs f000 0 eng d |
| 040 | |aCaOODSP|beng|erda|cCaOODSP |
| 045 | |ax3x7 |
| 086 | 1 |aId40-7/1979E-PDF |
| 245 | 04|aThe health care products industry : |binternational structure of the pharmaceutical industry. |
| 246 | 3 |aInternational structure of the pharmaceutical industry |
| 264 | 1|aOttawa, Canada : |bSector Analysis Division, Chemicals Branch, Department of Industry, Trade and Commerce, |cDecember 1979. |
| 300 | |a1 online resource (40 pages) |
| 336 | |atext|btxt|2rdacontent |
| 337 | |acomputer|bc|2rdamedia |
| 338 | |aonline resource|bcr|2rdacarrier |
| 500 | |aIssued also in French under title: L'industrie des produits d'hygiène : structure internationale de l'industrie des produits pharmaceutiques. |
| 500 | |a"Background paper"--Cover. |
| 500 | |aDigitized edition from print [produced by Innovation, Science and Economic Development Canada]. |
| 504 | |aIncludes bibliographical references. |
| 650 | 0|aPharmaceutical industry. |
| 650 | 0|aPharmaceutical industry|vStatistics. |
| 655 | 7|aStatistics|2lcgft |
| 710 | 1 |aCanada. |bIndustry, Trade and Commerce. |bChemicals Branch. |bSector Analysis Division, |eissuing body. |
| 775 | 08|tL'industrie des produits d'hygiène : |w(CaOODSP)9.946564 |
| 856 | 40|qPDF|s829 KB|uhttps://publications.gc.ca/collections/collection_2025/isde-ised/Id40-7-1979-eng.pdf |